000 00809nam a22002537a 4500
005 20170124110154.0
010 _aB-126476
020 _c150.00
_a8120325788
035 _aB-126476
037 _bCen Lib/Ret
040 _aDPL
_bEN
082 _a174.962
_bGOV
100 _aGovindarajan, M.
_934680
245 _aEngineering ethics /
_cby M. Govindarajan, S. Senhikumar [and] S. Natarajan
260 _aNew Delhi
_c2005
_bPrentice hall of India
270 _bNew Delhi
_aM-97, Connaught circus
_e110001
300 _axiv,181p.
_c22cm(Hb)
500 _aIncludes bibliographical references and index
650 _aEngineering ethics
_934681
650 _aEthics
_911191
700 _aNatarajan, S.
_934682
700 _aSenthikumar, V.S.
_934683
942 _2ddc
_cEN
_h174.962
_mGOV
999 _c132432
_d132432